Normal view
MARC view
- 1. Signal processing --Mathematics. 2. System analysis. 3. Linear time invariant systems. 4. Digital filters (Mathematics)
Entry Topical Term
001 - CONTROL NUMBER
- control field: 102712
003 - CONTROL NUMBER IDENTIFIER
- control field: NUST
005 - DATE AND TIME OF LATEST TRANSACTION
- control field: 20221116135816.0
008 - FIXED-LENGTH DATA ELEMENTS
- fixed length control field: 221116|| aca||aabn | a|a d
040 ## - CATALOGING SOURCE
- Original cataloging agency: NUST
- Transcribing agency: NUST
150 ## - HEADING--TOPICAL TERM
- Topical term or geographic name entry element: 1. Signal processing --Mathematics. 2. System analysis. 3. Linear time invariant systems. 4. Digital filters (Mathematics)
670 ## - SOURCE DATA FOUND
- Source citation: Work cat.: (NUST)12440: Lathi, B. P. (Bhagwandas Pannalal) 99483, Principles of signal processing and linear systems, 2009
